Steam turbines for large power outputs, April 21-25, 1980.

Bibliographic Details
Corporate Author: Von Karman Institute for Fluid Dynamics
Format: Book
Language:English
Published: Rhode Saint Genese, Belgium : Von Karman Institute for Fluid Dynamics, [1980]
Series:Lecture series (Von Karman Institute for Fluid Dynamics) ; 1980-6.
Subjects:

MARC

Tag First Indicator Second Indicator Subfields
LEADER 00000cam a2200000 a 4500
001 in00000092272
005 20150923132034.0
008 810313s1980 be a b 00000 eng d
035 |a (OCoLC)07223285 
035 |9 AAK7354AM 
040 |a VPI  |c VPI  |d UtOrBLW 
049 |a TXAM  |c [1655879] 
090 |a TJ735  |b  S73 
245 0 0 |a Steam turbines for large power outputs, April 21-25, 1980. 
264 1 |a Rhode Saint Genese, Belgium :  |b Von Karman Institute for Fluid Dynamics,  |c [1980] 
300 |a 1 volume (various pagings) :  |b illustrations ;  |c 30 cm. 
336 |a text  |b txt  |2 rdacontent 
337 |a unmediated  |b n  |2 rdamedia 
338 |a volume  |b nc  |2 rdacarrier 
490 1 |a Lecture series / Von Karman Institute for Fluid Dynamics,  |v  1980-6 
504 |a Includes bibliographical references. 
650 0 |a Steam-turbines. 
710 2 |a Von Karman Institute for Fluid Dynamics. 
830 0 |a Lecture series (Von Karman Institute for Fluid Dynamics) ;  |v 1980-6. 
999 |a MARS 
999 f f |s e4aea6e4-5f6f-36cc-9a12-52663b230b3b  |i f3799942-c104-34b6-a66c-87d2cb643557  |t 0 
952 f f |p ric  |a Texas A&M University  |b Rellis Campus  |c Joint Library Facility  |d Remote Storage  |t 0  |e TJ735 S73  |h Library of Congress classification  |i unmediated -- volume  |m A14805991627 
998 f f |a TJ735 S73  |t 0  |l Remote Storage